000 00640nam a22002537a 4500
003 UA-OsUOA
001 20657
007 ta
008 20031102b un ||||| |||| 00| 0 ukr d
100 _aДубинський Ілля
090 _a94:929
_bД79
942 _cBK
040 _aUA-OsUOA
_bukr
_cUA-OsUOA
_dUA-OsUOA
245 _aВіталій Примаков
300 _a288 с.
_bІлюстрації
955 _a0
041 _aukr
080 _a94:929
260 _aКиїв
_bВидавництво ЦК ЛКСМУ "Молодь"
_c1977
246 3 1 _aВип. 34
_n
044 _aUA
650 7 _2UDC
999 _c306837
_d306837